Pakistanis in Europe (Record no. 62721)

000 -LEADER
fixed length control field 00468nam a22001817a 4500
003 - CONTROL NUMBER IDENTIFIER
control field NUST - PNEC
005 - DATE AND TIME OF LATEST TRANSACTION
control field 20170116180755.0
008 - FIXED-LENGTH DATA ELEMENTS--GENERAL INFORMATION
fixed length control field 150402b xxu||||| |||| 00| 0 eng d
020 ## - INTERNATIONAL STANDARD BOOK NUMBER
International Standard Book Number 0946110050
040 ## - CATALOGING SOURCE
Transcribing agency Library
082 ## - DEWEY DECIMAL CLASSIFICATION NUMBER
Classification number 320.9549 MUA
100 ## - MAIN ENTRY--PERSONAL NAME
9 (RLIN) 2037
Personal name Ali Muazzam
245 ## - TITLE STATEMENT
Title Pakistanis in Europe
Statement of responsibility, etc. Muazzam Ali
260 ## - PUBLICATION, DISTRIBUTION, ETC.
Place of publication, distribution, etc. Londan
Name of publisher, distributor, etc. New Century Publishers
Date of publication, distribution, etc. c1982.
300 ## - PHYSICAL DESCRIPTION
Extent 187 p. :
650 ## - SUBJECT ADDED ENTRY--TOPICAL TERM
9 (RLIN) 2040
Topical term or geographic name entry element Pakistan
General subdivision General
942 ## - ADDED ENTRY ELEMENTS (KOHA)
Source of classification or shelving scheme
Koha item type Book
Holdings
Withdrawn status Lost status Source of classification or shelving scheme Damaged status Not for loan Permanent Location Current Location Shelving location Date acquired Source of acquisition Cost, normal purchase price Total Checkouts Full call number Barcode Date last seen Cost, replacement price Price effective from Koha item type
          Pakistan Navy Engineering College (PNEC) Pakistan Navy Engineering College (PNEC)   12/16/1985 Royal Book Company 687.00   320.9549 MUA PNECLIB-006738 04/02/2015 687.00 12/16/1985 Book
© 2023 Central Library, National University of Sciences and Technology. All Rights Reserved.